It looks like you're offline.
Open Library logo
additional options menu

MARC Record from marc_cca

Record ID marc_cca/b10621386.out:28858694:562
Source marc_cca
Download Link /show-records/marc_cca/b10621386.out:28858694:562?format=raw

LEADER: 00562cam 2200217K 4500
001 280066
003 OCoLC
005 20000110202348.0
008 720410s1957 xx 000 0 eng d
040 $aWSU$cWSU$dOCL$dKSU$dOCL
049 $aCC9M
090 $aPS3503.O9357$bA16 1957
100 1 $aBoyle, Kay,$d1902-1992.
245 10 $aThirty stories.
260 $b[New Directions,$cc1957]
300 $a362 p.
490 0 $aNew Directions paperbook, ND paperbook,$v62.
907 $a.b10360797$bmn $c-
902 $a080709
998 $b1$c000110$dm$ea$f-$g0
945 $lmnst